| 000 | 00470nam a2200169Ia 4500 | ||
|---|---|---|---|
| 999 |
_c34220 _d34220 |
||
| 003 | OSt | ||
| 005 | 20200827123836.0 | ||
| 008 | 190216s9999||||xx |||||||||||||| ||und|| | ||
| 020 | _a1403910952 | ||
| 040 | _coclc | ||
| 082 |
_a539.6 _bRAN/M |
||
| 100 |
_aRandhawa, H S _94392 |
||
| 245 | 0 |
_aModern Molecular Spectroscopy / _cH S Randhawa |
|
| 260 |
_bMacmillan, _aDelhi: _c2003. |
||
| 300 | _a584p | ||
| 942 |
_cBK _2ddc _h539.6 _iRAN/M _k539.6 _mRAN/M |
||